| 000 | 00828nam a2200289 a 4500 | ||
|---|---|---|---|
| 999 |
_c4486 _d4486 |
||
| 003 | UkOxU | ||
| 005 | 20220323122256.0 | ||
| 008 | 021211s2000 enka | |||1 | eng d | ||
| 020 | _a0750652020 | ||
| 040 | _cALUPE UNIVERSITY | ||
| 050 |
_aRG663 _b.G37 2000 |
||
| 100 | 1 | _aGarland, Dianne. | |
| 245 | 1 | 0 |
_aWaterbirth : _ban attitude to care / _cDianne Garland. |
| 250 | _a2nd ed. | ||
| 260 |
_aOxford : _bButterworth-Heinemann, _c2000. |
||
| 300 |
_avii, 165 p. : _bill. ; _c22 cm.. |
||
| 504 | _aIncludes bibliographical references and index. | ||
| 650 | 0 | _aUnderwater childbirth. | |
| 650 | 0 | _aHydrotherapy. | |
| 650 | 0 | _aChildbirth. | |
| 650 | 2 | _aLabor, Obstetric. | |
| 650 | 2 | _aHydrotherapy. | |
| 650 | 2 | _aMidwifery. | |
| 650 | 2 | _aObstetrics. | |
| 942 |
_2lcc _cBK _nMM |
||